MARC

LEADER 00000nam0a2200000 4500
001 319292
005 20231102003151.0
035 |a (RuTPU)RU\TPU\book\344801 
035 |a RU\TPU\book\97093 
090 |a 319292 
100 |a 20160525d1978 km y0rusy50 ca 
101 0 |a rus 
102 |a RU 
105 |a a z 001zy 
200 1 |a Защитные лакокрасочные покрытия  |f А. И. Рейбман 
205 |a 4-е изд., перераб. 
210 |a Ленинград  |c Химия  |d 1978 
215 |a 293 с.  |c ил. 
320 |a Библиография в конце глав 
320 |a Предметный указатель: с. 285-290 
606 1 |a Химическая аппаратура  |x Защита от коррозии  |2 stltpush  |3 (RuTPU)RU\TPU\subj\31125 
606 1 |a Лакокрасочные покрытия защитные  |2 stltpush  |3 (RuTPU)RU\TPU\subj\68607  |9 83814 
610 1 |a окраска 
610 1 |a металлы 
610 1 |a коррозия 
610 1 |a оборудование 
610 1 |a контроль 
610 1 |a техника безопасности 
610 1 |a качество 
675 |a 66.02:620.19  |v 4 
675 |a 667  |v 4 
700 1 |a Рейбман  |b А. И.  |g Абрам Исаакович 
801 1 |a RU  |b 63413507  |c 20060210  |g PSBO 
801 2 |a RU  |b 63413507  |c 20171102  |g PSBO 
942 |c BK